[Event "POL-chT 2nd League"]
[Site "Ustron"]
[Date "2008.09.11"]
[Round "6.36"]
[White "Kaminska, Paulina"]
[Black "Wesolowska, Edyta"]
[Result "1-0"]
[WhiteElo "1919"]
[BlackElo "1943"]
[PlyCount "97"]
[EventDate "2008.09.06"]
[EventType "team-swiss"]
[EventRounds "9"]
[EventCountry "POL"]
[SourceTitle "EXT 2015"]
[Source "ChessBase"]
[SourceDate "2014.11.20"]
[SourceVersion "1"]
[SourceVersionDate "2014.11.20"]
[SourceQuality "1"]
[WhiteTeam "Krakow KKSz"]
[BlackTeam "Bydgoszcz Chemik"]
[WhiteTeamCountry "POL"]
[BlackTeamCountry "POL"]

1. e4 c5 2. Nf3 d6 3. d4 cxd4 4. Nxd4 Nf6 5. Nc3 Nc6 6. Be2 e5 7. Nb3 Be7 8. Be3 0-0 9. 0-0 a5 10. a4 Nb4 11. f4 Be6 12. Nd2 Rc8 13. f5 Bd7 14. Nc4 Rc6 15. Nb5 Nxe4 16. c3 Na6 17. Na7 Rxc4 18. Bxc4 Nac5 19. Nb5 Bg5 20. Qe2 Bc6 21. Rad1 Bxe3+ 22. Qxe3 Nxa4 23. Na7 d5 24. Nxc6 bxc6 25. Bd3 Nxb2 26. Bxe4 Qh4 27. Bc2 Nc4 28. Qe1 Qg5 29. Rd3 e4 30. Rg3 Qf6 31. Bb3 Nd6 32. Qf2 Ra8 33. Qb6 Rc8 34. Qc5 Qe5 35. c4 a4 36. Ba2 Nxf5 37. Ra3 e3 38. Rxf5 Qxf5 39. Qxe3 Qd7 40. Rd3 Re8 41. Qf2 Re5 42. h3 h6 43. cxd5 cxd5 44. Qd2 Qb5 45. Bxd5 Qb1+ 46. Kh2 Re1 47. Rf3 Re7 48. Bxf7+ Rxf7 49. Qd8+ 1-0

[Event "POL-chT 2nd League"]
[Site "Ustron"]
[Date "2008.09.07"]
[Round "2.102"]
[White "Kaminska, Paulina"]
[Black "Filipkowska, Martyna"]
[Result "1-0"]
[WhiteElo "1919"]
[BlackElo "1580"]
[PlyCount "83"]
[EventDate "2008.09.06"]
[EventType "team-swiss"]
[EventRounds "9"]
[EventCountry "POL"]
[SourceTitle "EXT 2015"]
[Source "ChessBase"]
[SourceDate "2014.11.20"]
[SourceVersion "1"]
[SourceVersionDate "2014.11.20"]
[SourceQuality "1"]
[WhiteTeam "Krakow KKSz"]
[BlackTeam "Lomza Devo Maraton"]
[WhiteTeamCountry "POL"]
[BlackTeamCountry "POL"]

1. e4 e5 2. Nf3 d6 3. Bc4 Bg4 4. d3 Nc6 5. c3 Nf6 6. Nbd2 Be7 7. Nf1 0-0 8. Ng3 h6 9. 0-0 Na5 10. Bb5 a6 11. Ba4 b5 12. Bc2 Nh5 13. Nf5 Bxf3 14. Qxf3 Nf4 15. Bxf4 exf4 16. Qxf4 Bg5 17. Qg4 g6 18. Ne3 c5 19. f4 Bf6 20. f5 Kh7 21. fxg6+ fxg6 22. Nd5 Nc6 23. Nxf6+ Rxf6 24. Rxf6 Qxf6 25. Qd7+ Ne7 26. Rf1 Qg7 27. Qxd6 c4 28. d4 Rf8 29. g3 a5 30. Rxf8 Qxf8 31. Qf4 Qxf4 32. gxf4 Kg7 33. Kf2 Kf6 34. Ke3 g5 35. fxg5+ hxg5 36. a4 b4 37. cxb4 axb4 38. b3 cxb3 39. Bxb3 Ng6 40. a5 Ne7 41. e5+ Kf5 42. a6 1-0

[Event "POL-chT 2nd League"]
[Site "Wysowa"]
[Date "2007.09.11"]
[Round "9.72"]
[White "Gapa, Sylwia"]
[Black "Kaminska, Paulina"]
[Result "0-1"]
[WhiteElo "1995"]
[BlackElo "1956"]
[PlyCount "102"]
[EventDate "2007.09.03"]
[EventType "team-swiss"]
[EventRounds "9"]
[EventCountry "POL"]
[SourceTitle "EXT 2019"]
[Source "ChessBase"]
[SourceDate "2018.10.10"]
[SourceVersion "1"]
[SourceVersionDate "2018.10.10"]
[SourceQuality "1"]
[WhiteTeam "Swiecie Gambit"]
[BlackTeam "Krakow KKSz 1893"]
[WhiteTeamCountry "POL"]
[BlackTeamCountry "POL"]

1. d4 d5 2. c4 e6 3. Nc3 c6 4. e3 f5 5. Bd3 Nf6 6. Nf3 Bd6 7. Qc2 0-0 8. h3 Ne4 9. b3 Nd7 10. Bb2 Bb4 11. 0-0 Ndf6 12. Ne5 Bd7 13. f3 Nd6 14. a3 Ba5 15. Rad1 Nf7 16. Nxf7 Rxf7 17. e4 g6 18. Ne2 Qe7 19. b4 Bc7 20. Nc3 fxe4 21. fxe4 e5 22. exd5 exd4 23. Ne4 Nxe4 24. Bxe4 Rxf1+ 25. Rxf1 Qe5 26. Qd3 Qh2+ 27. Kf2 Rf8+ 28. Ke2 Rxf1 29. Kxf1 Qf4+ 30. Bf3 Be5 31. dxc6 Bf5 32. Qd1 bxc6 33. Bc1 Qh2 34. Bb2 Qf4 35. Bc1 Qh4 36. Bxc6 d3 37. Bd5+ Kg7 38. Be3 Bd4 39. Qd2 Qf6 40. Bh6+ Kh8 41. Bg5 Qe5 42. Bf4 Qf6 43. Bg5 Qf8 44. Qf4 Bc3 45. g4 d2 46. Bf3 Bd3+ 47. Kf2 Qxf4 48. Bxf4 Bc2 49. c5 d1Q 50. Bxd1 Bxd1 51. c6 Bd4+ 0-1

[Event "POL-chT 2nd League"]
[Site "Wysowa"]
[Date "2007.09.09"]
[Round "7"]
[White "Rzepecka, Dorota"]
[Black "Kaminska, Paulina"]
[Result "1-0"]
[WhiteElo "1896"]
[BlackElo "1956"]
[PlyCount "53"]
[EventDate "2007.09.03"]
[EventType "team-swiss"]
[EventRounds "9"]
[EventCountry "POL"]
[SourceTitle "EXT 2010"]
[Source "ChessBase"]
[SourceDate "2010.11.25"]
[SourceVersion "1"]
[SourceVersionDate "2010.11.25"]
[SourceQuality "1"]
[WhiteTeam "Miedzyborow Wrzos"]
[BlackTeam "Krakow KKSz 1893"]
[WhiteTeamCountry "POL"]
[BlackTeamCountry "POL"]

1. e4 e5 2. Nf3 Nc6 3. d4 exd4 4. Bc4 Be7 5. c3 d6 6. Qb3 Na5 7. Bxf7+ Kf8 8. Qa4 Kxf7 9. Qxa5 dxc3 10. Nxc3 c6 11. Qa4 Bf6 12. Bf4 g5 13. Bg3 g4 14. Nd4 Be5 15. 0-0 Nf6 16. Qb3+ Kg7 17. Rad1 Qe7 18. f4 Bxd4+ 19. Rxd4 Be6 20. Qd1 Rad8 21. f5 c5 22. Rxd6 Bc4 23. Re1 Rxd6 24. Bxd6 Qd7 25. e5 Qxf5 26. exf6+ Kxf6 27. Be5+ 1-0

[Event "POL-chT 2nd League"]
[Site "Wysowa"]
[Date "2007.09.06"]
[Round "4"]
[White "Kaminska, Paulina"]
[Black "Weglarz, Joanna"]
[Result "0-1"]
[WhiteElo "1956"]
[BlackElo "2010"]
[PlyCount "120"]
[EventDate "2007.09.03"]
[EventType "team-swiss"]
[EventRounds "9"]
[EventCountry "POL"]
[SourceTitle "EXT 2010"]
[Source "ChessBase"]
[SourceDate "2010.11.25"]
[SourceVersion "1"]
[SourceVersionDate "2010.11.25"]
[SourceQuality "1"]
[WhiteTeam "Krakow KKSz 1893"]
[BlackTeam "Znin Baszta"]
[WhiteTeamCountry "POL"]
[BlackTeamCountry "POL"]

1. e4 c5 2. Nf3 d6 3. d4 cxd4 4. Nxd4 Nf6 5. Nc3 a6 6. Be2 e6 7. Be3 Be7 8. Qd2 Qc7 9. 0-0 b5 10. a3 Bb7 11. f3 0-0 12. Rad1 Rd8 13. Bd3 d5 14. exd5 Nxd5 15. Nxd5 Bxd5 16. Qf2 Nd7 17. c3 Ne5 18. Bb1 Nc4 19. Qc2 g6 20. Bc1 e5 21. Ne2 f5 22. Ng3 Qb6+ 23. Kh1 Qf6 24. Rfe1 h5 25. Nf1 e4 26. Ne3 Nxe3 27. Bxe3 Kh7 28. fxe4 Bxe4 29. Qe2 Rxd1 30. Rxd1 Bxb1 31. Rxb1 Qe5 32. Re1 Bd6 33. Bg1 Re8 34. Qxe5 Rxe5 35. Rxe5 Bxe5 36. g3 a5 37. Kg2 a4 38. Kf3 Kg7 39. Bd4 Kf6 40. h4 Ke6 41. Bxe5 Kxe5 42. Ke3 Kd5 43. Kd3 Kc5 44. Kd2 Kd5 45. Kd3 Ke5 46. Ke3 Kf6 47. Kf4 g5+ 48. hxg5+ Kg6 49. Ke3 Kxg5 50. Kf3 f4 51. gxf4+ Kf5 52. Kg3 h4+ 53. Kxh4 Kxf4 54. Kh5 Ke4 55. Kg5 Kd3 56. Kf4 Kc2 57. Ke4 Kxb2 58. Kd4 Kxa3 59. Kc5 Kb3 60. Kxb5 a3 0-1

[Event "POL-chT 2nd League"]
[Site "Wysowa"]
[Date "2007.09.05"]
[Round "3"]
[White "Walas, Aleksandra"]
[Black "Kaminska, Paulina"]
[Result "1/2-1/2"]
[WhiteElo "1884"]
[BlackElo "1956"]
[PlyCount "111"]
[EventDate "2007.09.03"]
[EventType "team-swiss"]
[EventRounds "9"]
[EventCountry "POL"]
[SourceTitle "EXT 2010"]
[Source "ChessBase"]
[SourceDate "2010.11.25"]
[SourceVersion "1"]
[SourceVersionDate "2010.11.25"]
[SourceQuality "1"]
[WhiteTeam "Grodzisk Polfa Mazowiecki"]
[BlackTeam "Krakow KKSz 1893"]
[WhiteTeamCountry "POL"]
[BlackTeamCountry "POL"]

1. e4 e5 2. Nf3 Nc6 3. d4 exd4 4. Bc4 Be7 5. c3 dxc3 6. Qd5 Nh6 7. Bxh6 0-0 8. Bxg7 Kxg7 9. bxc3 d6 10. Qd1 Bf6 11. 0-0 Kh8 12. Nd4 Nxd4 13. cxd4 c5 14. Nd2 Bxd4 15. Rb1 b6 16. Qh5 Qf6 17. Bd3 Qg6 18. Qf3 Bg4 19. Qg3 Rg8 20. h3 Qh6 21. hxg4 Qxd2 22. Qh3 Rg6 23. Rbd1 Qg5 24. Qh5 Qxg4 25. Qxg4 Rxg4 26. Be2 Rf4 27. Bf3 Rg8 28. Rd3 Rh4 29. Ra3 a5 30. Rb1 c4 31. Ra4 Rc8 32. Rc1 Rh6 33. Raxc4 Rxc4 34. Rxc4 Bc5 35. a4 Kg7 36. g3 Kf6 37. Kf1 Ke5 38. Bg2 Rg6 39. Ke2 Rg8 40. f4+ Kf6 41. Kf3 h5 42. Rc1 Kg6 43. Rd1 Rc8 44. Rc1 Rb8 45. Bh3 b5 46. e5 bxa4 47. exd6 Bxd6 48. Rc6 Rd8 49. Ra6 a3 50. Rxa5 Be7 51. Bf1 Rd7 52. Ke3 h4 53. gxh4 Bxh4 54. Rxa3 Rd6 55. Bd3+ Kf6 56. Ra6 1/2-1/2

[Event "POL-chT 2nd League"]
[Site "Wysowa"]
[Date "2007.09.03"]
[Round "1"]
[White "Golek, Jagoda"]
[Black "Kaminska, Paulina"]
[Result "1-0"]
[WhiteElo "1990"]
[BlackElo "1956"]
[PlyCount "57"]
[EventDate "2007.09.03"]
[EventType "team-swiss"]
[EventRounds "9"]
[EventCountry "POL"]
[SourceTitle "EXT 2010"]
[Source "ChessBase"]
[SourceDate "2010.11.25"]
[SourceVersion "1"]
[SourceVersionDate "2010.11.25"]
[SourceQuality "1"]
[WhiteTeam "Gniezno LKS Chrobry"]
[BlackTeam "Krakow KKSz 1893"]
[WhiteTeamCountry "POL"]
[BlackTeamCountry "POL"]

1. e4 e5 2. Nf3 Nc6 3. Bc4 Bc5 4. 0-0 Nf6 5. d4 Bxd4 6. Nxd4 Nxd4 7. f4 d6 8. c3 Nc6 9. f5 h6 10. Qf3 Bd7 11. Be3 Qe7 12. Nd2 0-0-0 13. b4 Rhe8 14. a4 Qf8 15. a5 d5 16. Bc5 Qg8 17. exd5 e4 18. Qe3 Ne5 19. Bb3 Neg4 20. Qe2 h5 21. Bxa7 e3 22. Nf3 Ne4 23. Bd4 Nd6 24. c4 Nxf5 25. c5 c6 26. a6 cxd5 27. axb7+ Kc7 28. Qa6 Rb8 29. Qb6# 1-0

[Event "POL-chT 2nd League"]
[Site "Lublin"]
[Date "2006.09.02"]
[Round "1.66"]
[White "Kaminska, Paulina"]
[Black "Wesolowska, Hanna"]
[Result "0-1"]
[WhiteElo "1944"]
[BlackElo "2075"]
[PlyCount "54"]
[EventDate "2006.09.02"]
[EventType "team-swiss"]
[EventRounds "9"]
[EventCountry "POL"]
[SourceTitle "EXT 2019"]
[Source "ChessBase"]
[SourceDate "2018.10.10"]
[SourceVersion "1"]
[SourceVersionDate "2018.10.10"]
[SourceQuality "1"]
[WhiteTeam "Krakow KKSz"]
[BlackTeam "Pniowek 74"]
[WhiteTeamCountry "POL"]
[BlackTeamCountry "POL"]

1. e4 e5 2. Nf3 Nf6 3. Nc3 Nc6 4. Bc4 Bc5 5. d3 h6 6. Be3 Bb6 7. Nd5 d6 8. c3 0-0 9. Nxb6 axb6 10. Bb3 Re8 11. c4 Bg4 12. Qd2 Bxf3 13. gxf3 Nd4 14. Bd1 Ne6 15. Bxh6 gxh6 16. Qxh6 Nh7 17. Rg1+ Kh8 18. Rg4 Rg8 19. Rh4 Rg1+ 20. Ke2 Nd4+ 21. Ke3 Qg5+ 22. Qxg5 Rxg5 23. f4 Rg1 24. fxe5 dxe5 25. f4 f6 26. Kf2 Rag8 27. fxe5 fxe5 0-1

[Event "POL-chT 2nd League"]
[Site "Wysowa"]
[Date "2005.09.01"]
[Round "6.54"]
[White "Janiszyn, Elzbieta"]
[Black "Kaminska, Paulina"]
[Result "1-0"]
[WhiteElo "1929"]
[BlackElo "1989"]
[PlyCount "105"]
[EventDate "2005.08.27"]
[EventType "team-swiss"]
[EventRounds "9"]
[EventCountry "POL"]
[SourceTitle "EXT 2019"]
[Source "ChessBase"]
[SourceDate "2018.10.10"]
[SourceVersion "1"]
[SourceVersionDate "2018.10.10"]
[SourceQuality "1"]
[WhiteTeam "Czerwionka Gornik 23"]
[BlackTeam "Krakow KKSz 1893"]
[WhiteTeamCountry "POL"]
[BlackTeamCountry "POL"]

1. d4 d5 2. c4 e6 3. Nc3 Nf6 4. cxd5 exd5 5. Bg5 Nbd7 6. e3 Be7 7. Bd3 c6 8. Nf3 Ne4 9. Bxe4 Bxg5 10. Bd3 Be7 11. Qc2 Nf6 12. Rc1 0-0 13. 0-0 Bd6 14. a3 Re8 15. Bf5 h6 16. Bxc8 Rxc8 17. h3 Re6 18. b4 Nh7 19. Nxd5 Ng5 20. Nxg5 Qxg5 21. Nc3 Rg6 22. f4 Qg3 23. Qe2 Qxh3 24. Rf3 Qd7 25. e4 Bc7 26. Rd1 Re8 27. e5 Qf5 28. Ne4 Bb6 29. Qd3 Qg4 30. Qe2 Qf5 31. Qd3 Qg4 32. Qf1 Qd7 33. Nc5 Bxc5 34. dxc5 Qg4 35. Rd6 Kf8 36. Rxg6 Qxg6 37. Qd1 Qe4 38. Qd6+ Kg8 39. Qd7 Qe1+ 40. Rf1 Qe3+ 41. Kh2 Re6 42. Qxb7 h5 43. Qc8+ Kh7 44. Qd8 h4 45. Rf3 Qe1 46. Rh3 Rh6 47. Qd7 Rg6 48. Qd3 Kh6 49. Qe3 Qxe3 50. Rxe3 Re6 51. Rd3 g5 52. Rd7 a5 53. Rxf7 1-0

[Event "POL-chT 2nd League"]
[Site "Wysowa"]
[Date "2005.08.29"]
[Round "3.30"]
[White "Kaminska, Paulina"]
[Black "Jalowiec, Halina"]
[Result "1-0"]
[WhiteElo "1989"]
[BlackElo "2097"]
[PlyCount "69"]
[EventDate "2005.08.27"]
[EventType "team-swiss"]
[EventRounds "9"]
[EventCountry "POL"]
[SourceTitle "EXT 2019"]
[Source "ChessBase"]
[SourceDate "2018.10.10"]
[SourceVersion "1"]
[SourceVersionDate "2018.10.10"]
[SourceQuality "1"]
[WhiteTeam "Krakow KKSz 1893"]
[BlackTeam "Rolnik Roza"]
[WhiteTeamCountry "POL"]
[BlackTeamCountry "POL"]

1. e4 e5 2. Nf3 Nc6 3. Bc4 Nf6 4. d3 Bc5 5. c3 d6 6. h3 0-0 7. Bb3 h6 8. 0-0 Be6 9. Bc2 Bb6 10. Re1 Ne7 11. Nbd2 Ng6 12. Nf1 d5 13. Ng3 Re8 14. Be3 c5 15. d4 cxd4 16. cxd4 dxe4 17. Nxe5 Bd5 18. Nxg6 fxg6 19. Ne2 Ba5 20. Bd2 Bb6 21. Nc3 Kh7 22. Nxd5 Qxd5 23. Bc3 Rad8 24. Bb3 Qd6 25. Qc2 Bxd4 26. Rad1 Qe5 27. Bxd4 Rxd4 28. Qe2 Red8 29. Rxd4 Rxd4 30. Rc1 Rd8 31. Qc2 e3 32. Re1 exf2+ 33. Qxf2 Qd4 34. Re7 Qb4 35. Qxf6 1-0

[Event "POL-chT 2nd League"]
[Site "Wysowa"]
[Date "2005.08.27"]
[Round "1.35"]
[White "Wesolowski, Tadeusz"]
[Black "Kaminska, Paulina"]
[Result "1-0"]
[WhiteElo "2092"]
[BlackElo "1989"]
[PlyCount "60"]
[EventDate "2005.08.27"]
[EventType "team-swiss"]
[EventRounds "9"]
[EventCountry "POL"]
[SourceTitle "EXT 2019"]
[Source "ChessBase"]
[SourceDate "2018.10.10"]
[SourceVersion "1"]
[SourceVersionDate "2018.10.10"]
[SourceQuality "1"]
[WhiteTeam "Pawlowice GKS Pniowek 74"]
[BlackTeam "Krakow KKSz 1893"]
[WhiteTeamCountry "POL"]
[BlackTeamCountry "POL"]

1. d4 d5 2. c4 e6 3. Nc3 Nf6 4. Nf3 Be7 5. Bg5 0-0 6. cxd5 Nxd5 7. Bxe7 Qxe7 8. e4 Nxc3 9. bxc3 c5 10. Be2 Nc6 11. d5 exd5 12. exd5 Ne5 13. 0-0 Rd8 14. Re1 Ng6 15. Qb3 Qf6 16. c4 b6 17. h3 Nf4 18. Bf1 h6 19. a4 Bd7 20. a5 Rab8 21. Ne5 Be8 22. axb6 axb6 23. Qf3 Ng6 24. Qxf6 gxf6 25. Nxg6 fxg6 26. Re7 b5 27. Rc7 bxc4 28. Bxc4 Rdc8 29. d6+ Kf8 30. Ba6 Rd8 1-0

[Event "POL-chT 2nd League"]
[Site "Polanica Zdroj"]
[Date "2004.09.06"]
[Round "4"]
[White "Kaminska, Paulina"]
[Black "Giemza, Joanna"]
[Result "1-0"]
[WhiteElo "1974"]
[BlackElo "1940"]
[PlyCount "75"]
[EventDate "2004.09.04"]
[EventType "team-swiss"]
[EventRounds "11"]
[EventCountry "POL"]
[SourceTitle "CBM 102 Extra"]
[Source "ChessBase"]
[SourceDate "2004.11.03"]
[SourceVersion "1"]
[SourceVersionDate "2004.11.03"]
[SourceQuality "1"]
[WhiteTeam "Krakow KKSz"]
[BlackTeam "Kielce Fart"]
[WhiteTeamCountry "POL"]
[BlackTeamCountry "POL"]

1. e4 c5 2. Nf3 a6 3. d4 cxd4 4. Nxd4 Nf6 5. Bd3 e5 6. Nb3 d5 7. exd5 e4 8. Be2 Nxd5 9. Qd4 Nf6 10. Qxd8+ Kxd8 11. 0-0 Nc6 12. Bg5 Be7 13. Rd1+ Ke8 14. N1d2 Bf5 15. Nc4 Nb4 16. Nd4 Bg6 17. a3 Nbd5 18. Ne5 Bd6 19. Ng4 Nxg4 20. Bxg4 h6 21. Bh4 Be5 22. Ne2 Nf6 23. Bxf6 Bxf6 24. c3 Rd8 25. Nf4 Bh7 26. Rxd8+ Bxd8 27. Bc8 Bg5 28. Nd5 e3 29. fxe3 Be4 30. Bxb7 Bxd5 31. Bxd5 Bxe3+ 32. Kf1 f5 33. g3 g5 34. b4 Rh7 35. c4 a5 36. Ke2 Re7 37. Kd3 axb4 38. axb4 1-0

[Event "POL-chT 2nd League"]
[Site "Polanica Zdroj"]
[Date "2004.09.05"]
[Round "2"]
[White "Kaminska, Paulina"]
[Black "Krokay, Urszula"]
[Result "1/2-1/2"]
[WhiteElo "1974"]
[BlackElo "1936"]
[PlyCount "59"]
[EventDate "2004.09.04"]
[EventType "team-swiss"]
[EventRounds "11"]
[EventCountry "POL"]
[SourceTitle "CBM 102 Extra"]
[Source "ChessBase"]
[SourceDate "2004.11.03"]
[SourceVersion "1"]
[SourceVersionDate "2004.11.03"]
[SourceQuality "1"]
[WhiteTeam "Krakow KKSz"]
[BlackTeam "Wroclaw Srodmiescie"]
[WhiteTeamCountry "POL"]
[BlackTeamCountry "POL"]

1. e4 e5 2. Nf3 Nc6 3. Bc4 Nf6 4. d3 Bc5 5. c3 d6 6. Bb3 0-0 7. 0-0 a6 8. h3 Ba7 9. Nbd2 h6 10. Re1 Nh5 11. Nf1 Qf6 12. Be3 Nf4 13. Bxf4 Qxf4 14. Qd2 Qf6 15. Kh2 Kh8 16. Bd1 Ne7 17. Ng3 Ng6 18. Nh5 Qe7 19. d4 Be6 20. Ng3 Rad8 21. Nf5 Qf6 22. Bc2 Bxf5 23. exf5 Ne7 24. Qd3 Rfe8 25. Rad1 Nc6 26. dxe5 Nxe5 27. Nxe5 Rxe5 28. f4 Rxe1 29. Rxe1 Kg8 30. g4 1/2-1/2

[Event "Presov-B2"]
[Site "Presov"]
[Date "2004.??.??"]
[Round "8"]
[White "Durica, Daniel"]
[Black "Kaminska, Paulina"]
[Result "1-0"]
[WhiteElo "2093"]
[BlackElo "1974"]
[PlyCount "67"]
[EventDate "2004.??.??"]
[EventType "tourn"]
[EventRounds "9"]
[EventCountry "SVK"]
[SourceTitle "EXT 2007"]
[Source "ChessBase"]
[SourceDate "2006.11.23"]
[SourceVersion "1"]
[SourceVersionDate "2006.11.23"]
[SourceQuality "1"]

1. d4 d5 2. Nf3 Nf6 3. Bg5 e6 4. e3 Be7 5. Nbd2 0-0 6. Bd3 c5 7. c3 Nbd7 8. 0-0 Re8 9. Ne5 Qc7 10. f4 Nf8 11. Rf3 N6d7 12. Bxe7 Rxe7 13. Rh3 f5 14. g4 Nxe5 15. dxe5 Qb6 16. c4 g6 17. b3 Bd7 18. gxf5 gxf5 19. cxd5 exd5 20. Qc2 Rg7+ 21. Kf2 d4 22. exd4 cxd4 23. Rg1 Rc8 24. Nc4 Qc5 25. Qd1 Be6 26. Rxg7+ Kxg7 27. Qh5 Bxc4 28. Qh6+ Kf7 29. Bxc4+ Ke8 30. Qh5+ Kd8 31. Qxf5 Qb4 32. Rd3 b5 33. Rxd4+ Kc7 34. Qxc8+ 1-0

[Event "Presov-B2"]
[Site "Presov"]
[Date "2004.??.??"]
[Round "3"]
[White "Pejko, Otomar"]
[Black "Kaminska, Paulina"]
[Result "1-0"]
[WhiteElo "2205"]
[BlackElo "1974"]
[PlyCount "109"]
[EventDate "2004.??.??"]
[EventType "tourn"]
[EventRounds "9"]
[EventCountry "SVK"]
[SourceTitle "EXT 2007"]
[Source "ChessBase"]
[SourceDate "2006.11.23"]
[SourceVersion "1"]
[SourceVersionDate "2006.11.23"]
[SourceQuality "1"]

1. e4 e5 2. Nf3 Nc6 3. Bb5 a6 4. Ba4 Nf6 5. 0-0 Be7 6. Bxc6 dxc6 7. Nc3 Bg4 8. h3 Bh5 9. Qe2 Nd7 10. b3 0-0 11. g4 Bg6 12. Bb2 Re8 13. Qc4 Bd6 14. Kg2 Qf6 15. Rae1 Rad8 16. a4 h6 17. a5 Nc5 18. d3 Ne6 19. Ne2 h5 20. Bc1 Qe7 21. Bd2 f6 22. Nh4 Bf7 23. Nf5 Qf8 24. Qc3 g5 25. gxh5 Nf4+ 26. Nxf4 gxf4 27. Kh2 Kh8 28. Rg1 Bxh5 29. Rg7 Re7 30. Reg1 Rxg7 31. Rxg7 Re8 32. Qa1 Re7 33. Rxe7 Bxe7 34. d4 Bd6 35. Bc3 Qe8 36. dxe5 fxe5 37. Qc1 Kh7 38. Qd2 Qg6 39. Bb4 Bf3 40. Nh4 Qxe4 41. Bxd6 cxd6 42. Qxd6 Qd5 43. Qe7+ Kh6 44. Qf6+ Kh7 45. Nf5 Qd7 46. Qxe5 Bd1 47. Nd4 f3 48. c3 Qf7 49. Ne6 Kh6 50. b4 Bc2 51. Qf4+ Qxf4+ 52. Nxf4 Kg5 53. Kg3 Be4 54. Ne6+ Kf6 55. Nc5 1-0

[Event "POL-ch U18 Girls"]
[Site "Wisla"]
[Date "2000.??.??"]
[Round "3"]
[White "Kaminska, Paulina"]
[Black "Maj, Beata"]
[Result "1-0"]
[WhiteElo "1800"]
[BlackElo "1800"]
[PlyCount "83"]
[EventDate "2000.02.26"]
[EventType "swiss"]
[EventRounds "10"]
[EventCountry "POL"]
[SourceTitle "EXT 2005"]
[Source "ChessBase"]
[SourceDate "2004.11.15"]
[SourceVersion "1"]
[SourceVersionDate "2004.11.15"]
[SourceQuality "1"]

1. e4 d5 2. exd5 Qxd5 3. Nc3 Qa5 4. Nf3 Nf6 5. Bc4 Nc6 6. h3 e6 7. 0-0 Bd7 8. d3 0-0-0 9. Re1 h6 10. a3 Qh5 11. b4 g5 12. Ne2 Bd6 13. Bb2 Qg6 14. Ng3 Bxg3 15. fxg3 Rhg8 16. b5 Ne7 17. Ne5 Qh7 18. Qf3 Nfd5 19. Bxd5 Nxd5 20. Qxf7 Rg7 21. Qf2 Nb6 22. Nxd7 Rgxd7 23. Rxe6 Rf7 24. Rf6 Rdf8 25. Rxf7 Rxf7 26. Qe2 Re7 27. Qg4+ Kb8 28. Rf1 Re8 29. Qd4 Qe7 30. Kh2 h5 31. Rf5 h4 32. Re5 hxg3+ 33. Kxg3 Qf7 34. Rxe8+ Qxe8 35. Qh8 Qxh8 36. Bxh8 Nd5 37. Bd4 Nf4 38. Be3 Ne2+ 39. Kg4 Nc3 40. Kxg5 Nxb5 41. Bc1 Nd4 42. h4 1-0

[Event "POL-ch U18 Girls"]
[Site "Wisla"]
[Date "2000.??.??"]
[Round "1"]
[White "Kaminska, Paulina"]
[Black "Walczak, Monika"]
[Result "1-0"]
[WhiteElo "1800"]
[BlackElo "1800"]
[PlyCount "50"]
[EventDate "2000.02.26"]
[EventType "swiss"]
[EventRounds "10"]
[EventCountry "POL"]
[SourceTitle "EXT 2005"]
[Source "ChessBase"]
[SourceDate "2004.11.15"]
[SourceVersion "1"]
[SourceVersionDate "2004.11.15"]
[SourceQuality "1"]

1. e4 c5 2. Nf3 d6 3. d4 cxd4 4. Nxd4 Nf6 5. Nc3 e6 6. Be2 Be7 7. Be3 a6 8. a4 Bd7 9. 0-0 Nc6 10. f4 Qc8 11. Bd3 Nb4 12. e5 Nfd5 13. Nxd5 Nxd5 14. Bd2 Qc5 15. c3 Nb4 16. Be3 Nxd3 17. Qxd3 Qc7 18. Nf3 0-0-0 19. Bd4 f6 20. Qe3 Rde8 21. b4 Bd8 22. c4 Bc6 23. Nd2 Ref8 24. exd6 Qxd6 25. Bc5 Qxc5 1-0

[Event "POL-ch U18 Girls"]
[Site "Wisla"]
[Date "2000.??.??"]
[Round "6"]
[White "Kaminska, Paulina"]
[Black "Zimny, Joanna"]
[Result "1-0"]
[WhiteElo "1800"]
[BlackElo "2121"]
[PlyCount "53"]
[EventDate "2000.02.26"]
[EventType "swiss"]
[EventRounds "10"]
[EventCountry "POL"]
[SourceTitle "EXT 2005"]
[Source "ChessBase"]
[SourceDate "2004.11.15"]
[SourceVersion "1"]
[SourceVersionDate "2004.11.15"]
[SourceQuality "1"]

1. e4 e6 2. d4 d5 3. Nd2 Nf6 4. e5 Ne4 5. Nxe4 dxe4 6. Ne2 c5 7. c3 Nc6 8. Be3 cxd4 9. cxd4 Bb4+ 10. Nc3 0-0 11. Be2 f5 12. exf6 Qxf6 13. 0-0 Bxc3 14. bxc3 Ne7 15. Qb3 Kh8 16. f3 Qg6 17. fxe4 Bd7 18. Rxf8+ Rxf8 19. Qxb7 Qe8 20. Bf3 Bc6 21. Qxa7 Qf7 22. Rb1 Qf6 23. Rb8 Be8 24. Qc5 Ng6 25. Rb1 Nf4 26. Rf1 h6 27. g3 1-0

[Event "POL-ch U18 Girls"]
[Site "Wisla"]
[Date "2000.??.??"]
[Round "5"]
[White "Lysiak, Magdalena"]
[Black "Kaminska, Paulina"]
[Result "0-1"]
[WhiteElo "2067"]
[BlackElo "1800"]
[PlyCount "86"]
[EventDate "2000.02.26"]
[EventType "swiss"]
[EventRounds "10"]
[EventCountry "POL"]
[SourceTitle "EXT 2005"]
[Source "ChessBase"]
[SourceDate "2004.11.15"]
[SourceVersion "1"]
[SourceVersionDate "2004.11.15"]
[SourceQuality "1"]

1. e4 e5 2. Nf3 Nc6 3. d4 exd4 4. Nxd4 Bc5 5. Nb3 Bb6 6. a4 a6 7. Nc3 d6 8. Be2 Nf6 9. 0-0 0-0 10. a5 Ba7 11. Kh1 Re8 12. Bg5 h6 13. Bxf6 Qxf6 14. Nd5 Qd8 15. Bd3 Ne5 16. Qd2 Ng4 17. Ne3 Bxe3 18. fxe3 Qh4 19. g3 Qg5 20. Rf4 Ne5 21. Nd4 Bg4 22. Be2 Qh5 23. Bxg4 Nxg4 24. Raf1 Nf6 25. Qd3 Qg6 26. Nf5 Re5 27. Qc4 Rc8 28. Nxd6 Rf8 29. Nf5 Nxe4 30. Qxc7 Qe6 31. Qb6 Qd5 32. Kg1 Ng5 33. Nxh6+ gxh6 34. Qxh6 Qc6 35. Qxc6 bxc6 36. Rg4 Kh7 37. Rf6 Rxa5 38. Rxc6 Re8 39. h4 Nf3+ 40. Kf2 Ne5 41. Re4 Rd8 42. Rc3 Rd2+ 43. Ke1 Nf3+ 0-1

[Event "POL-ch U18 Girls"]
[Site "Wisla"]
[Date "2000.??.??"]
[Round "7"]
[White "Reszka, Malgorzata"]
[Black "Kaminska, Paulina"]
[Result "1-0"]
[WhiteElo "2091"]
[BlackElo "1800"]
[PlyCount "67"]
[EventDate "2000.02.26"]
[EventType "swiss"]
[EventRounds "10"]
[EventCountry "POL"]
[SourceTitle "EXT 2005"]
[Source "ChessBase"]
[SourceDate "2004.11.15"]
[SourceVersion "1"]
[SourceVersionDate "2004.11.15"]
[SourceQuality "1"]

1. e4 e5 2. Nf3 Nc6 3. Bb5 a6 4. Ba4 Nf6 5. 0-0 b5 6. Bb3 Be7 7. Re1 d6 8. c3 0-0 9. d3 h6 10. Nbd2 Re8 11. a4 Bb7 12. Nf1 Bf8 13. Ng3 Na5 14. Ba2 c5 15. b4 cxb4 16. cxb4 Nc6 17. Qb3 d5 18. Bd2 bxa4 19. Qxa4 dxe4 20. dxe4 Qb6 21. Qb3 Re7 22. Rab1 Rd7 23. Bc3 Re8 24. b5 Nd4 25. Bxd4 exd4 26. bxa6 Qxb3 27. Bxb3 Bxe4 28. Nxe4 Rxe4 29. Rxe4 Nxe4 30. Ne5 Ra7 31. Bxf7+ Kh7 32. Bg6+ Kg8 33. Bxe4 Rxa6 34. Bf3 1-0